<?xml version="1.0" encoding="UTF-8"?>
<record
    xmlns:xsi="http://www.w3.org/2001/XMLSchema-instance"
    xsi:schemaLocation="http://www.loc.gov/MARC21/slim http://www.loc.gov/standards/marcxml/schema/MARC21slim.xsd"
    xmlns="http://www.loc.gov/MARC21/slim">

  <leader>00514nam a22001817a 4500</leader>
  <controlfield tag="003">OSt </controlfield>
  <controlfield tag="005">20140310181740.0</controlfield>
  <controlfield tag="008">130322t        xxu||||| |||| 00| 0 eng d</controlfield>
  <datafield tag="050" ind1=" " ind2=" ">
    <subfield code="a">LB1575 </subfield>
    <subfield code="b">W55 1968</subfield>
  </datafield>
  <datafield tag="082" ind1=" " ind2=" ">
    <subfield code="a">LB1575 .</subfield>
    <subfield code="b">W55 1968</subfield>
  </datafield>
  <datafield tag="245" ind1=" " ind2=" ">
    <subfield code="a">Children's literature: </subfield>
    <subfield code="b">strategies of teaching </subfield>
    <subfield code="c">Robert Whitehead </subfield>
  </datafield>
  <datafield tag="260" ind1=" " ind2=" ">
    <subfield code="a">Englewood Cliffs, N.J., </subfield>
    <subfield code="b">Prentice-Hall </subfield>
    <subfield code="c">c1968.</subfield>
  </datafield>
  <datafield tag="300" ind1=" " ind2=" ">
    <subfield code="a">vi, 234 p.: </subfield>
    <subfield code="b">illus.;</subfield>
    <subfield code="c">23 cm.</subfield>
  </datafield>
  <datafield tag="521" ind1=" " ind2=" ">
    <subfield code="a">Teacher</subfield>
  </datafield>
  <datafield tag="541" ind1=" " ind2=" ">
    <subfield code="j">1</subfield>
  </datafield>
  <datafield tag="562" ind1=" " ind2=" ">
    <subfield code="e">1</subfield>
  </datafield>
  <datafield tag="942" ind1=" " ind2=" ">
    <subfield code="2">lcc</subfield>
    <subfield code="c">BK-TR</subfield>
    <subfield code="k">TR </subfield>
  </datafield>
  <datafield tag="999" ind1=" " ind2=" ">
    <subfield code="c">2751</subfield>
    <subfield code="d">2751</subfield>
  </datafield>
  <datafield tag="952" ind1=" " ind2=" ">
    <subfield code="0">0</subfield>
    <subfield code="1">0</subfield>
    <subfield code="2">lcc</subfield>
    <subfield code="4">0</subfield>
    <subfield code="a">LUX</subfield>
    <subfield code="b">LUX</subfield>
    <subfield code="c">TR</subfield>
    <subfield code="d">2013-03-22</subfield>
    <subfield code="l">0</subfield>
    <subfield code="o">LB1575 . W55 1968</subfield>
    <subfield code="p">06173</subfield>
    <subfield code="r">2013-08-13 00:00:00</subfield>
    <subfield code="t">1</subfield>
    <subfield code="w">2013-03-22</subfield>
    <subfield code="y">BK</subfield>
  </datafield>
</record>
